LEGO Series 16 Minifigures by Picture - Statistics

General Stats
  • This quiz has been taken 12 times
  • The average score is 11 of 16
Answer Stats
Picture Answer % Correct
Banana Guy
100%
Devil
100%
Ice Queen
100%
Penguin Boy
83%
Pirate
83%
Dog Show Winner
67%
Hiker
67%
Kickboxer
67%
Mariachi
67%
Babysitter
50%
Desert Warrior
50%
Rogue
50%
Spooky Boy
50%
Spy
50%
Wildlife Photographer
50%
Cyborg
33%
No matching quizzes found
Score Distribution
Percent of People with Each Score
Percentile by Number Answered
Your Score History
You have not taken this quiz